[Event "NED-ch U13"]
[Site "Rijswijk"]
[Date "2006.05.27"]
[Round "7"]
[White "Goedegebuur, Richard"]
[Black "Jansen, Sven"]
[Result "1/2-1/2"]
[WhiteElo "1563"]
[BlackElo "1572"]
[PlyCount "99"]
[EventDate "2006.05.25"]
[EventType "swiss"]
[EventRounds "9"]
[EventCountry "NED"]
[SourceTitle "EXT 2009"]
[Source "ChessBase"]
[SourceDate "2008.11.26"]
[SourceVersion "1"]
[SourceVersionDate "2008.11.26"]
[SourceQuality "1"]

1. e4 e5 2. Nf3 Nc6 3. d4 Nf6 4. Nc3 Bb4 5. Bg5 h6 6. Bxf6 Qxf6 7. d5 Nd4 8. Be2 0-0 9. 0-0 Bxc3 10. bxc3 Nxf3+ 11. Bxf3 d6 12. Qd2 Bd7 13. Rab1 Rab8 14. Be2 Qg6 15. Qe3 a6 16. f4 c6 17. f5 Qf6 18. c4 Rfc8 19. Rb2 c5 20. Kh1 Kh8 21. h3 Rc7 22. Rb6 Kg8 23. Rfb1 Qe7 24. Rxa6 Qf8 25. Rab6 Ba4 26. R6b2 Qe8 27. Rf1 b5 28. f6 g5 29. h4 Rcb7 30. hxg5 Qf8 31. gxh6 Kh7 32. Bg4 Qxh6+ 33. Qxh6+ Kxh6 34. Rfb1 Kg6 35. Be2 b4 36. Rf1 Rh8+ 37. Kg1 Rh4 38. g3 Rh3 39. Kg2 Bd7 40. Rh1 Rxh1 41. Kxh1 Kxf6 42. Kg2 Rb8 43. a3 Kg7 44. Bd3 Ba4 45. axb4 cxb4 46. Kf3 f6 47. Ra2 Bd7 48. Rb2 Ba4 49. Ra2 Bd7 50. Rb2 1/2-1/2

[Event "NED-ch U13"]
[Site "Rijswijk"]
[Date "2006.05.26"]
[Round "5"]
[White "Jansen, Sven"]
[Black "Van Andel, Martijn"]
[Result "0-1"]
[WhiteElo "1572"]
[BlackElo "1413"]
[PlyCount "93"]
[EventDate "2006.05.25"]
[EventType "swiss"]
[EventRounds "9"]
[EventCountry "NED"]
[SourceTitle "EXT 2009"]
[Source "ChessBase"]
[SourceDate "2008.11.26"]
[SourceVersion "1"]
[SourceVersionDate "2008.11.26"]
[SourceQuality "1"]

1. d4 Nf6 2. c4 e6 3. Nc3 Bb4 4. Qb3 Bxc3+ 5. Qxc3 d5 6. Bg5 0-0 7. Nf3 b6 8. e3 Nbd7 9. Bd3 h6 10. Bh4 c5 11. dxc5 bxc5 12. 0-0 Ba6 13. Ne5 Nxe5 14. Qxe5 dxc4 15. Bc2 Qe7 16. Bxf6 Qxf6 17. Qxf6 gxf6 18. b3 cxb3 19. Bxb3 Bxf1 20. Rxf1 Rac8 21. Rc1 Rfd8 22. h3 Rd7 23. Rc4 Rd2 24. Rg4+ Kh7 25. Bc4 Rb8 26. a3 Rb1+ 27. Kh2 f5 28. Rg3 Rxf2 29. a4 Rb4 30. Bb5 c4 31. Be8 Rb7 32. e4 fxe4 33. Bc6 Rc7 34. Bxe4+ f5 35. Bb1 c3 36. Kg1 Rb2 37. Bd3 c2 38. Bxc2 Rcxc2 39. Rd3 Rxg2+ 40. Kf1 Rgc2 41. Rd7+ Kg6 42. Rd1 Rc3 43. Re1 Rxh3 44. Rxe6+ Kg5 45. Re2 Rxe2 46. Kxe2 Kf4 47. a5 0-1